[Event "Eu Team Ch"]
[Site "Batumi GEO"]
[Date "1999.12.01"]
[Round "3"]
[White "Dydyshko,V"]
[Black "Huzman,A"]
[Result "1/2-1/2"]
[WhiteElo "2521"]
[BlackElo "2581"]

1.d4 Nf6 2.Nf3 e6 3.c4 b6 4.g3 Ba6 5.b3 Bb4+ 6.Bd2 Be7 7.Bg2 c6 8.Bc3 d5
9.Ne5 Nfd7 10.Nxd7 Nxd7 11.Nd2 O-O 12.O-O Nf6 13.e4 b5 14.Re1 dxe4 15.Qc2 Rc8
16.Rad1 Nd5 17.Bb2 Nb4 18.Qxe4 bxc4 19.bxc4 Nxa2 20.Ra1 Nb4 21.Bc3 Rb8 22.Bxb4 Bxb4
23.Rxa6 Bxd2 24.Rd1 Bc3 25.Qd3 Bb2 26.Rxa7 Qb6 27.Qc3  1/2-1/2

[Event "ch-ARG Najdorf mem"]
[Site "Buenos Aires ARG"]
[Date "1999.12.01"]
[Round "10"]
[White "Slipak,S"]
[Black "Ricardi,P"]
[Result "1/2-1/2"]
[WhiteElo "2521"]
[BlackElo "2474"]

1.d4 Nf6 2.c4 e6 3.Nf3 b6 4.g3 Ba6 5.Nbd2 Bb4 6.Qc2 O-O 7.Bg2 d5 8.Ne5 c6
9.O-O Nfd7 10.Nef3 Nf6 11.Ne5 Nfd7 12.Nef3  1/2-1/2

[Event "Eu Team Ch (women)"]
[Site "Batumi GEO"]
[Date "1999.12.02"]
[Round "4"]
[White "Khurtsidze,N"]
[Black "Maric,A"]
[Result "1/2-1/2"]
[WhiteElo "2472"]
[BlackElo "2489"]

1.d4 Nf6 2.c4 e6 3.Nf3 b6 4.g3 Ba6 5.Nbd2 c6 6.Bg2 d5 7.O-O Be7 8.Ne5 O-O
9.b3 Bb7 10.Bb2 Na6 11.e4 Rc8 12.Re1 Rc7 13.a3 c5 14.exd5 exd5 15.dxc5 Nxc5
16.b4 Ne6 17.Qe2 Qc8 18.Rac1 dxc4 19.Bxb7 Qxb7 20.Rxc4 Rxc4 21.Ndxc4 Ng5
22.f3 Re8 23.h4 Ne6 24.Kh2 Bf8 25.Ne3 Nd7 26.Nxd7 Qxd7 27.Rd1 Qa4 28.Rd2 a5
29.bxa5 bxa5 30.Qc4 Qxc4 31.Nxc4 a4 32.Be5 Nc5 33.Bd6 Nb3 34.Rd5 Rd8 35.Kg2 f6
36.f4 g6 37.g4 Nc1 38.Kf3 Kf7 39.f5 gxf5 40.gxf5 h5 41.Rd1 Nb3 42.Ke4 Na5
43.Nxa5 Rxd6 44.Rxd6 Bxd6 45.Nc4 Bg3 46.Nb6 Bxh4 47.Nxa4 Ke7 48.Nc5 Kd6 49.Nd3 Bg5
50.Nf4 h4 51.a4 Kc6 52.Kf3 Kb6 53.Kg4 Ka5 54.Ne6 Be3 55.Kxh4 Kxa4 56.Kh5 Kb5
57.Kg6 Kc6 58.Kxf6 Kd6 59.Kf7 Bc1 60.Nd4 Ke5  1/2-1/2

[Event "Eu Team Ch"]
[Site "Batumi GEO"]
[Date "1999.12.02"]
[Round "4"]
[White "Balogh,T"]
[Black "Butnorius,A"]
[Result "1/2-1/2"]
[WhiteElo "2447"]
[BlackElo "2456"]

1.d4 Nf6 2.c4 e6 3.Nf3 b6 4.g3 Ba6 5.b3 Bb4+ 6.Bd2 Be7 7.Bg2 c6 8.Bc3 d5
9.Ne5 Nfd7 10.Nxd7 Nxd7 11.Nd2 O-O 12.O-O Rb8 13.Re1 b5 14.e4 bxc4 15.bxc4 dxc4
16.Qa4 Bb5 17.Qc2 Ba3 18.Nb1 Bd6 19.a4 Ba6 20.Nd2 Qc7 21.Rad1 Rfd8 22.Bf1  1/2-1/2

[Event "Eu Team Ch"]
[Site "Batumi GEO"]
[Date "1999.12.06"]
[Round "8"]
[White "Jobava,Ba"]
[Black "Fernandes,An"]
[Result "1/2-1/2"]
[WhiteElo "2330"]
[BlackElo "2438"]

1.d4 Nf6 2.c4 e6 3.Nf3 b6 4.g3 Ba6 5.b3 b5 6.cxb5 Bxb5 7.Bg2 d5 8.Ba3 Bd6
9.O-O O-O 10.Re1 a5 11.Bxd6 cxd6 12.Nc3 Bc6 13.Qc2 Na6 14.Rec1 Nb4 15.Qb2 Qb6
16.Bf1 Rfc8 17.e3 Rc7 18.a3 Na6 19.Rc2 Rb7 20.Qc1 Bd7 21.Bd3 Nc7 22.Rb1 Re8
23.b4 a4 24.b5 Qa7 25.Rb4 e5 26.Rcb2 e4 27.b6 Qa5 28.Bb5 Nxb5 29.Nxb5 Rxb6
30.Nc3 Rxb4 31.axb4 Qb6 32.Nd2 Rc8 33.Ndb1 Bb5 34.Qd2 Ra8 35.Nxb5 Qxb5 36.Na3 Qb7
37.b5 Nd7 38.Qb4 Nb6 39.Re2 Nc4 40.Nxc4 dxc4 41.Qxc4 a3 42.Ra2 h5 43.Qc6 Qxc6
44.bxc6 Kf8 45.c7 Ke7 46.Rxa3 Rc8 47.Rc3 Kd7 48.f3 exf3 49.Kf2 Rxc7 50.Rxc7+ Kxc7
51.Kxf3 Kd7 52.Ke4 Ke6 53.d5+ Kf6 54.Kf4 g5+ 55.Ke4 Kg6 56.Kd4 f5 57.Kc4 Kf6
58.Kd4 h4 59.gxh4 gxh4 60.h3 Kg6 61.Kd3 Kg5 62.Ke2 Kf6 63.Kf2 Ke5 64.Kf3 Kxd5
65.Kf4 Ke6 66.Kg5 Ke5 67.Kxh4 f4 68.Kg4 fxe3 69.Kf3 Kd4 70.Ke2 Ke4 71.h4 d5
72.h5 d4 73.h6  1/2-1/2

[Event "Eu Team Ch"]
[Site "Batumi GEO"]
[Date "1999.12.07"]
[Round "9"]
[White "Jobava,Ba"]
[Black "Sammalvuo,T"]
[Result "1-0"]
[WhiteElo "2330"]
[BlackElo "2393"]

1.d4 Nf6 2.c4 e6 3.Nf3 b6 4.g3 Ba6 5.b3 Bb4+ 6.Bd2 Be7 7.Bg2 c6 8.O-O d5
9.Nc3 Nbd7 10.cxd5 cxd5 11.Qb1 O-O 12.a4 Rc8 13.Rc1 Bb4 14.Nb5 Bxd2 15.Nxd2 Rxc1+
16.Qxc1 Qb8 17.Ra2 Rc8 18.Rc2 Rxc2 19.Qxc2 Bxb5 20.axb5 Kf8 21.e4 dxe4 22.Bxe4 Qd6
23.Qc3 e5 24.dxe5 Qxe5 25.Qxe5 Nxe5 26.Bc2 Ke7 27.f4 Ned7 28.Nc4 Nd5 29.Kf2 Nc5
30.Ke1 Nc7 31.Na3 h6 32.Kd2 Ke6 33.Ke3 Nd5+ 34.Kd4 Nc7 35.Bd1 Kf5 36.b4 Nb7
37.Bc2+ Kg4 38.Be4 Nd6 39.Bc6 f6 40.Ke3 Kh3 41.Kf2 Kxh2 42.Nc2 f5 43.Nd4 Ne4+
44.Bxe4 fxe4 45.Nf5 Nxb5 46.Ke3 g6 47.Nxh6 Nd6 48.g4 a5 49.bxa5 bxa5 50.f5 g5
51.f6 a4 52.Nf5 Nxf5+ 53.gxf5 a3 54.f7 a2 55.f8=Q a1=Q 56.Qh6+ Kg2 57.Qxg5+ Kh1
58.Qh4+ Kg1 59.Qf2+ Kh1 60.Qh4+ Kg1 61.Qxe4 Qe1+ 62.Kf3 Qf1+ 63.Kg3 Qf2+
64.Kg4 Qb6 65.Qf4 Kh1 66.f6 Qe6+ 67.Qf5 Qg8+ 68.Kh4 Qh8+ 69.Qh5 Qb8 70.Qf3+ Kh2
71.Qh3+  1-0

[Event "FSIMA December"]
[Site "Budapest HUN"]
[Date "1999.12.10"]
[Round "7"]
[White "Yu Mingyuan"]
[Black "Petran,Pa"]
[Result "1/2-1/2"]
[WhiteElo "2319"]
[BlackElo "2371"]

1.d4 Nf6 2.Nf3 e6 3.c4 b6 4.g3 Ba6 5.Nbd2 d5 6.Bg2 Be7 7.O-O O-O 8.b3 c5
9.Bb2 Bb7 10.cxd5 Bxd5 11.Qc2 Na6 12.e4 Nb4 13.Qb1 Bb7 14.Ng5 g6 15.Ngf3 cxd4
16.e5 Nd7 17.a3 Nd5 18.Nxd4 Rc8 19.Nc4 Ba6 20.Rc1 b5 21.Nd2 Rxc1+ 22.Qxc1 Nxe5
23.Nxe6 fxe6 24.Bxe5 Qb6 25.Ne4 b4 26.Qh6 Rf7 27.a4 Nc3 28.Nxc3 Qxf2+ 29.Kh1 bxc3
30.Bxc3 Bf8 31.Qd2 Qxd2 32.Bxd2 Bb7 33.b4 Rf2 34.Bxb7 Rxd2 35.b5 Bc5 36.a5 Bd4
37.Ra4 e5 38.b6 axb6 39.a6 b5 40.a7 Bxa7 41.Rxa7 b4 42.Be4 b3 43.Rb7 b2 44.Kg1 Re2
45.Bd3 Rd2 46.Be4  1/2-1/2

[Event "Open"]
[Site "Zadar CRO"]
[Date "1999.12.17"]
[Round "7"]
[White "Dizdar,G"]
[Black "Bistric,F"]
[Result "1-0"]
[WhiteElo "2549"]
[BlackElo "2466"]

1.d4 Nf6 2.Nf3 e6 3.c4 b6 4.g3 Ba6 5.Nbd2 Bb4 6.Qc2 Bb7 7.Bg2 Be4 8.Qb3 Bxd2+
9.Bxd2 d6 10.O-O O-O 11.Qe3 Nbd7 12.Bc3 Qb8 13.Bh3 b5 14.b3 a5 15.Nd2 Bg6
16.Bg2 d5 17.Rfc1 bxc4 18.bxc4 Nb6 19.a4 Qe8 20.Bb2 Kh8 21.Qf4 Qb8 22.Bc3 Qb7
23.c5 Nc8 24.Nc4 Ra7 25.Nxa5 Qa8 26.Nb3 Ne7 27.a5 Nc6 28.f3 Re8 29.Ra3 Nd7
30.Qd2 Ncb8 31.Rca1 Na6 32.Nc1 Rb8 33.Rb3 Rab7 34.Rxb7 Rxb7 35.e3 h6 36.Bf1 Qa7
37.Nd3 e5 38.Nxe5 Nxe5 39.dxe5 Nxc5 40.a6 Rb1 41.Rxb1 Bxb1 42.Bd4  1-0

[Event "Vikings GMB"]
[Site "York ENG"]
[Date "1999.12.18"]
[Round "6"]
[White "Meister,P"]
[Black "Arkell,K"]
[Result "1/2-1/2"]
[WhiteElo "2417"]
[BlackElo "2462"]

1.d4 e6 2.c4 Nf6 3.Nf3 b6 4.g3 Ba6 5.Qa4 Bb7 6.Bg2 c5 7.dxc5 Bxc5 8.O-O O-O
9.Nc3 Be7 10.Rd1 Na6 11.Bf4 Qc8 12.Nb5 Nc5 13.Qa3 Ne8 14.b4 Ne4 15.Qb3 a6
16.Nbd4 d6 17.Bh3 a5 18.a3 a4 19.Qd3 f5 20.Be3 e5 21.Nb5 Nxg3 22.fxg3 e4
23.Qc2 exf3 24.exf3 Bxf3 25.Re1 d5 26.Qf2 Be4 27.cxd5 Qc4 28.Bf1 Bd3 29.d6 Bf6
30.Nd4 Bxf1 31.Rxf1 Nxd6 32.Rac1 Qd5 33.Nxf5 Nxf5 34.Qxf5 Qxf5 35.Rxf5 Bb2
36.Rxf8+ Rxf8 37.Rb1 Bxa3 38.Bxb6 Rf3 39.Ra1 Kf7 40.Bf2 Ke6 41.b5 Kd5 42.g4 Rb3
43.Kg2 h6 44.h3 g6 45.Ra2 h5  1/2-1/2

[Event "III Open"]
[Site "Cali COL"]
[Date "1999.12.28"]
[Round "5"]
[White "Alzate,D"]
[Black "Pazos,P"]
[Result "1/2-1/2"]
[WhiteElo "2403"]
[BlackElo "2301"]

1.d4 Nf6 2.Nf3 e6 3.c4 b6 4.g3 Ba6 5.b3 Bb7 6.Bg2 Bb4+ 7.Bd2 Be7 8.O-O O-O
9.Bc3 d5 10.Nbd2 Nbd7 11.Bb2 Bd6 12.Ne5 Qe7 13.Rc1 c5 14.Nxd7 Nxd7 15.cxd5 exd5
16.Nc4 dxc4 17.Bxb7 Rad8 18.bxc4 cxd4 19.Bxd4 Be5 20.e3 Nf6 21.Bg2 Bxd4 22.exd4 Qd6
23.Qa4 Qxd4 24.Qxa7 Rd7 25.Qa4 Rfd8 26.Rb1 h5 27.Bf3 Rd6 28.Qb4 Ne4 29.Bxe4 Qxe4
30.h4 Qd4 31.Qb5 g6 32.Rbe1 Kg7 33.Qb3 Kf8 34.a4 Qc5 35.Re3 Rd4  1/2-1/2

[Event "Weihnachtsopen"]
[Site "Zurich SUI"]
[Date "1999.12.28"]
[Round "4"]
[White "Bunzmann,D"]
[Black "Bucher,D"]
[Result "1-0"]
[WhiteElo "2596"]
[BlackElo "2329"]

1.d4 Nf6 2.c4 e6 3.Nf3 b6 4.g3 Ba6 5.Qb3 Nc6 6.Bd2 Bb7 7.d5 Ne7 8.dxe6 fxe6
9.Bg2 Nf5 10.Bc3 Bc5 11.O-O Ne4 12.Be5 d6 13.Bc3 O-O 14.Nbd2 a5 15.Nxe4 Bxe4
16.Qd1 Qe8 17.b3 b5 18.cxb5 Qxb5 19.Qd2 e5 20.Ng5 Bxg2 21.Kxg2 Bb6 22.e4 Nd4
23.Bxd4 Bxd4 24.Ne6 Bxa1 25.Nxf8 Bd4 26.Ne6 Bb6 27.Rc1 Ra7 28.Rc3 h6 29.a4 Qd7
30.Qd5 Kh7  1-0

[Event "Alushta3"]
[Site "Alushta"]
[Date "1999.??.??"]
[Round "?"]
[White "Khurtsidze, Nino"]
[Black "Gaprindashvili, Valerian"]
[Result "0-1"]
[WhiteElo "2405"]
[BlackElo "2414"]

1.d4 Nf6 2.Nf3 e6 3.c4 b6 4.g3 Ba6 5.b3 Bb4+ 6.Bd2 Be7 7.Nc3 d5 8.cxd5 exd5
9.Bg2 O-O 10.O-O Bb7 11.Ne5 Nbd7 12.Bf4 Re8 13.Rc1 Nf8 14.Nb5 Ne6 15.Nc6 Qd7
16.Qc2 Nxf4 17.gxf4 Ba6 18.a4 Bxb5 19.Ne5 Qe6 20.axb5 Bd6 21.Qd3 Ne4 22.f3 Nf6
23.f5 Qc8 24.Ng4 Bf4 25.Rc6 Qd8 26.Nxf6+ gxf6 27.e4 Kh8 28.Kh1 Qe7 29.Qc2 Rad8
30.e5 fxe5 31.f6 Qf8 32.dxe5 Qh6 33.h3 Qg5 34.Qf2 Qxe5 35.Qh4 Rg8 36.Re1 Qb2  0-1

[Event "Alushta3"]
[Site "Alushta"]
[Date "1999.??.??"]
[Round "?"]
[White "Savon, Vladimir A"]
[Black "Khurtsidze, Nino"]
[Result "1/2-1/2"]
[WhiteElo "2427"]
[BlackElo "2405"]

1.d4 Nf6 2.Nf3 b6 3.c4 e6 4.g3 Ba6 5.b3 Bb4+ 6.Bd2 Be7 7.Nc3 c6 8.Bg2 d5
9.cxd5 cxd5 10.b4 Ne4 11.Rb1 Nd7 12.b5 Bb7 13.O-O O-O  1/2-1/2

[Event "Bad Woerishofen op"]
[Site "Bad Woerishofen"]
[Date "1999.??.??"]
[Round "2"]
[White "Mahn, Franko"]
[Black "Dgebuadze, Alexandre"]
[Result "0-1"]
[WhiteElo "2191"]
[BlackElo "2541"]

1.d4 e6 2.c4 Nf6 3.Nf3 b6 4.g3 Ba6 5.Qa4 Bb7 6.Bg2 c5 7.O-O cxd4 8.Nxd4 Bxg2
9.Kxg2 Qc8 10.Nc3 Bc5 11.Rd1 O-O 12.e4 a6 13.f3 Bxd4 14.Rxd4 Nc6 15.Rd1 Ne5
16.b3 d5 17.exd5 exd5 18.Nxd5 Re8 19.Qb4 Nxd5 20.cxd5 a5 21.Qd4 Qf5 22.Bf4 Rac8
23.Rd2 Nd7 24.Rad1 h6 25.g4 Qg6 26.Bg3 Nc5 27.Qf4 f6 28.Qf5 Qf7 29.d6 Nd7
30.Qd5 Qxd5 31.Rxd5 Re2+ 32.Kf1 Rxa2 33.R5d3 b5 34.Re3 b4 35.Re7 Rd8 36.Rc1 a4
37.bxa4 b3  0-1

[Event "ROM-ch sf"]
[Site "Baile Tusnad"]
[Date "1999.??.??"]
[Round "3"]
[White "Iordache, Traian"]
[Black "Parligras, Mircea"]
[Result "0-1"]
[WhiteElo "2198"]
[BlackElo "2377"]

1.d4 Nf6 2.Nf3 e6 3.c4 b6 4.g3 Ba6 5.b3 Bb4+ 6.Bd2 Be7 7.Bg2 d5 8.O-O O-O
9.Ne5 c6 10.Bc3 Nfd7 11.Nxd7 Nxd7 12.Nd2 b5 13.Re1 bxc4 14.bxc4 Nb6 15.c5 Nc4
16.e4 Nxd2 17.Qxd2 dxe4 18.Bxe4 Qd7 19.Rad1 Bc4 20.Bb1 Bd5 21.Qd3 g6 22.Bd2 Rab8
23.h4 Bf6 24.h5 e5 25.hxg6 hxg6 26.Qf1 exd4 27.Bf4 Rb2 28.Be5 Bxe5 29.Rxe5 Re8
30.Rxe8+ Qxe8 31.Rxd4 Qe5 32.Rd1 Qh5 33.Rxd5 Qxd5 34.Bd3 Qxc5 35.Bc4 Rc2  0-1

[Event "Regionalliga NW9899"]
[Site "Bayern"]
[Date "1999.??.??"]
[Round "?"]
[White "Adler, Herbert"]
[Black "Vogt, Thomas"]
[Result "1/2-1/2"]
[WhiteElo "1915"]
[BlackElo "1960"]

1.d4 Nf6 2.c4 e6 3.Nf3 b6 4.g3 Ba6 5.Qc2 c5 6.e3 cxd4 7.exd4 Qc7 8.Be3 d5
9.Nbd2 dxc4 10.Bxc4 Nbd7 11.Qd3 Bxc4 12.Nxc4 Rc8 13.Rc1 Qb7 14.Ke2 Nd5 15.Bd2 Be7
16.Nce5 O-O 17.a3 Rfd8 18.Nxd7 Rxd7 19.Rxc8+ Qxc8 20.Rc1 Rc7 21.Rxc7 Qxc7
22.Ne5 Bd6 23.Qb5 Kf8 24.Qd3 h6 25.Nc4 Be7 26.Ne3 Nf6 27.Qc4 Qxc4+ 28.Nxc4 Nd5
29.Ne5 Bd6 30.Kd3 Ke8 31.Kc4 a6 32.h4 Ke7 33.Kd3 Ke8 34.Nc4 Be7 35.Ne3 Nf6
36.Kc4 Kd7 37.d5 Ne4 38.Be1 exd5+ 39.Kxd5 Nf6+ 40.Kd4 Ke6 41.b4 b5 42.Bc3  1/2-1/2

[Event "Landesliga Nord 9899"]
[Site "Bayern"]
[Date "1999.??.??"]
[Round "?"]
[White "Mueller, Christian2"]
[Black "Wiemer, Peter"]
[Result "1/2-1/2"]
[WhiteElo "1930"]
[BlackElo "2170"]

1.d4 Nf6 2.c4 e6 3.Nf3 b6 4.g3 Ba6 5.b3 Bb4+ 6.Bd2 Be7 7.Bg2 Bb7 8.O-O O-O
9.Nc3 c5 10.d5 exd5 11.Nh4 Ne4 12.Nf5 Bf6 13.Rc1 Nxc3 14.Bxc3 Bxc3 15.Rxc3 Qf6
16.Qc2 Nc6 17.g4 g6 18.Nh6+ Kg7 19.Qd2 dxc4 20.bxc4 Rae8 21.Rd3 Ba6 22.g5 Qe6  1/2-1/2

[Event "Oberliga Bayern9899"]
[Site "Bayern"]
[Date "1999.??.??"]
[Round "?"]
[White "Till, Eugen"]
[Black "Gerstner, Bernhard"]
[Result "1/2-1/2"]
[WhiteElo "2115"]
[BlackElo "2120"]

1.Nf3 Nf6 2.d4 e6 3.c4 b6 4.g3 Ba6 5.Qc2 c5 6.Bg2 Nc6 7.dxc5 Bxc5 8.O-O Rc8
9.Qa4 Bb7 10.Nc3 O-O 11.Bg5 h6 12.Bf4 Qe7 13.Ne5 g5 14.Nxc6 Bxc6 15.Bxc6 dxc6
16.Bd2 Rfd8 17.Rad1 Rd4 18.Be3 b5 19.Qa6 Rdd8 20.Bxc5 Qxc5 21.cxb5 cxb5 22.Qxb5 Rxd1
23.Rxd1 Qxb5 24.Nxb5 Rb8 25.a4 a6 26.Nc7 Rxb2 27.Nxa6 Rxe2  1/2-1/2

[Event "Berlin"]
[Site "Berlin"]
[Date "1999.??.??"]
[Round "4"]
[White "Von Herman, Ulf"]
[Black "Wells, Peter K"]
[Result "0-1"]
[WhiteElo "2405"]
[BlackElo "2475"]

1.d4 Nf6 2.c4 e6 3.Nf3 b6 4.g3 Ba6 5.Nbd2 Bb4 6.Qc2 Bb7 7.Bg2 Be4 8.Qa4 Bxd2+
9.Bxd2 O-O 10.O-O h6 11.Rfd1 d6 12.b4 a5 13.b5 Nbd7 14.Rac1 Qb8 15.Bc3 Rc8
16.d5 e5 17.Bh3 Re8 18.Qa3 Nc5 19.Nh4 Nh7 20.f3 Ng5 21.Bg2 Bh7 22.e4 Qc8
23.Kh1 f5 24.Nxf5 Bxf5 25.exf5 Qxf5 26.Ba1 Rf8 27.Rf1 Qg6 28.Qc3 Rf7 29.h4 Nh7
30.Kh2 Raf8 31.Qc2 Qh5 32.Kg1 g5 33.g4 Qxh4 34.Bc3 Qg3 35.Be1 Qf4 36.Rd1 Kg7
37.Bc3 Qf6 38.Rfe1 Qg6 39.Qd2 Re8 40.Re3 Rf4 41.Bf1 Nf6 42.Qe1 h5 43.gxh5 Qxh5
44.Rd2 Rh8  0-1

[Event "Berlin"]
[Site "Berlin"]
[Date "1999.??.??"]
[Round "6"]
[White "Von Herman, Ulf"]
[Black "Romanishin, Oleg M"]
[Result "1/2-1/2"]
[WhiteElo "2405"]
[BlackElo "2565"]

1.d4 Nf6 2.c4 e6 3.Nf3 b6 4.g3 Ba6 5.Nbd2 Bb4 6.Qc2 Bb7 7.Bg2 Be4 8.Qa4 Nc6
9.O-O Bxd2 10.Bxd2 O-O 11.Bc3 a6 12.Qd1 b5 13.Nh4 Bxg2 14.Nxg2 bxc4 15.Qa4 Qb8
16.Qxc4 Qb5 17.Ne3 Nd5 18.a4 Qxc4 19.Nxc4 Nxc3 20.bxc3 d5 21.Nd2 Rfb8 22.Rfb1 Na5
23.Rb4 Rxb4 24.cxb4 Nc6 25.Rc1 Nxd4 26.Kf1 Ra7 27.g4 e5 28.Rc5 Rb7 29.Rxd5 Kf8
30.e3 Nc6 31.Rc5 Nxb4 32.Rxe5 Rb6 33.Re4 Nd3 34.Rd4 Ne5 35.g5 h6 36.h4 hxg5  1/2-1/2

[Event "Bretagne"]
[Site "Bretagne"]
[Date "1999.??.??"]
[Round "3"]
[White "Le Roux, Jean Pierre"]
[Black "Salaun, Yann"]
[Result "0-1"]
[WhiteElo "2250"]
[BlackElo "2325"]

1.d4 e6 2.c4 Nf6 3.Nf3 b6 4.g3 Ba6 5.Nbd2 Bb4 6.Qa4 c5 7.a3 Bxd2+ 8.Bxd2 cxd4
9.Bg2 Bb7 10.Bb4 Qc7 11.O-O Nc6 12.Rfd1 e5 13.c5 O-O 14.Rac1 b5 15.Qxb5 a5
16.Bd2 Ba6 17.Qa4 Rfb8 18.Nxe5 Qxe5 19.Bf4 Qh5 20.Bxb8 Rxb8 21.Bxc6 dxc6
22.Qxc6 Bxe2 23.Rxd4 h6 24.Rh4 Qg5 25.Re1 Rxb2 26.Qd6 Bb5 27.c6 Rc2 28.c7 Qc5
29.Qxc5 Rxc5 30.Rb1 Bd7 31.Rd4 Rxc7 32.g4 Rc2 33.h4 Ra2 34.Rc1 Kh7 35.Rd6 Be6
36.Rd4 Nxg4 37.Rf4 Ne5 38.Kf1 Nd3  0-1

[Event "Bretagne"]
[Site "Bretagne"]
[Date "1999.??.??"]
[Round "4"]
[White "Claverie, Christophe"]
[Black "Nikcevic, Nebojsa"]
[Result "0-1"]
[WhiteElo "2300"]
[BlackElo "2470"]

1.d4 Nf6 2.c4 e6 3.Nf3 b6 4.g3 Ba6 5.b3 d5 6.Bg2 dxc4 7.Ne5 Bb4+ 8.Bd2 cxb3
9.axb3 Bxd2+ 10.Qxd2 Nd5 11.O-O Bb7 12.e4 Ne7 13.Rd1 O-O 14.Nc3 Nd7 15.Nc4 a5
16.h4 h6 17.Qe3 Re8 18.f4 Qb8 19.Qf2 Nf6 20.Ne3 Rd8 21.g4 c5 22.d5 exd5 23.exd5 Ng6
24.Rf1 Ba6 25.h5 Bxf1 26.Rxf1 Nf8 27.g5 Nxh5 28.gxh6 Ng6 29.hxg7 Qxf4 30.Qe2 Qd4
31.Ne4 Re8 32.Rd1 Ngf4 33.Qf3 Qxe4 34.Qxe4 Rxe4 35.Bxe4 Re8 36.d6 Rxe4 37.d7 Ne6
38.d8=Q+ Nxd8 39.Rxd8+ Kxg7 40.Nc4 a4  0-1

[Event "Radulescu Memorial"]
[Site "Calimanesti"]
[Date "1999.??.??"]
[Round "1"]
[White "Navratescu, Catalin"]
[Black "Cioara, Andrei Nestor"]
[Result "1-0"]
[WhiteElo "2443"]
[BlackElo "2398"]

1.d4 Nf6 2.c4 e6 3.Nf3 b6 4.g3 Ba6 5.Nbd2 c5 6.Bg2 Nc6 7.dxc5 bxc5 8.O-O Be7
9.e4 O-O 10.e5 Ng4 11.Qe2 Qc7 12.Re1 f6 13.exf6 gxf6 14.b3 Bb7 15.Bb2 Nh6
16.Nh4 f5 17.Qh5 Bf6 18.Bxf6 Rxf6 19.Qg5+ Kf7 20.Ndf3 Rg8 21.Qd2 Ke7 22.Rad1 Nf7
23.Qe3 Ncd8 24.Re2 Be4 25.Ne1 Bxg2 26.Nexg2 Kf8 27.Nf4 Rg4 28.Nhg2 d6 29.Qc3 Ne5
30.Red2 Ndf7 31.Rxd6 Nxd6 32.Qxe5  1-0

[Event "Cannes"]
[Site "Cannes"]
[Date "1999.??.??"]
[Round "4"]
[White "Izeta Txabarri, Felix"]
[Black "Mohebbi, Jafar"]
[Result "1-0"]
[WhiteElo "2516"]
[BlackElo "2325"]

1.d4 Nf6 2.Nf3 e6 3.c4 b6 4.g3 Ba6 5.b3 d5 6.Bg2 dxc4 7.Ne5 Bb4+ 8.Kf1 Bd6
9.Nd2 Bxe5 10.dxe5 Ng4 11.Bb2 c6 12.Nxc4 Bxc4 13.bxc4 O-O 14.e3 Qg5 15.h3 Nh6
16.h4 Qe7 17.Qd6 Nf5 18.Qxe7 Nxe7 19.Ba3 Re8 20.Rd1 Na6 21.Ke2 Nc5 22.Bxc5 bxc5
23.Rd7 a5 24.Rb1 Ng6 25.f4 Rab8 26.Rxb8 Rxb8 27.Bxc6 Rb2+ 28.Rd2 Rb4 29.Bb5 Rb1
30.a4 h5 31.Rd8+ Kh7 32.Rd7 Kg8 33.Ra7 Rb2+ 34.Kf3 Rb3 35.Be8 Ne7 36.Rxe7 Kf8
37.Rxf7+ Kxe8 38.Rxg7 Rb4 39.g4  1-0

[Event "Moravia-chT 9899"]
[Site "CZE"]
[Date "1999.??.??"]
[Round "6"]
[White "Belunek, Vladimir"]
[Black "Berezjuk, Sergej"]
[Result "0-1"]
[WhiteElo "2240"]
[BlackElo "2405"]

1.d4 Nf6 2.c4 e6 3.Nf3 b6 4.g3 Ba6 5.b3 Bb4+ 6.Bd2 Be7 7.Bg2 c6 8.O-O d5
9.Qc2 Nbd7 10.Bf4 Rc8 11.Nbd2 c5 12.dxc5 Nxc5 13.Ne5 O-O 14.Rfd1 Qe8 15.Rac1 dxc4
16.Ndxc4 Nd5 17.Bxd5 exd5 18.Rxd5 f6 19.Nf3 Bb7 20.Rdd1 Ne4 21.Qb2 Bc5 22.Be3 Qh5
23.Bxc5 Rxc5 24.Ne3 Ng5 25.Nxg5 Rxg5 26.Rc7 Qxh2+  0-1

[Event "Moravia-chT 9899"]
[Site "CZE"]
[Date "1999.??.??"]
[Round "7"]
[White "Dobes, Ludek"]
[Black "Olsar, Jaroslav"]
[Result "1-0"]
[WhiteElo "2155"]
[BlackElo "2295"]

1.d4 Nf6 2.Nf3 e6 3.c4 b6 4.g3 Ba6 5.b3 Bb4+ 6.Bd2 Be7 7.Nc3 d5 8.Bg2 O-O
9.Ne5 Bb7 10.O-O Na6 11.Bc1 c6 12.Bb2 Nc7 13.Rc1 Rc8 14.Na4 Na6 15.e3 Bd6
16.Nd3 Ne4 17.c5 bxc5 18.dxc5 Be7 19.Bxe4 dxe4 20.Qg4 Bf6 21.Qxe4 Bxb2 22.Naxb2 Qe7
23.b4 Rcd8 24.Rfd1 Rd5 25.Nf4 Rxd1+ 26.Rxd1 Nc7 27.Qe5 Ne8 28.Nc4 Ba6 29.Nd6 Qf6
30.Qxf6 Nxf6 31.e4 Rb8 32.a3 Kf8 33.Rd2 Ke7 34.f3 g6 35.Kf2 Rf8 36.Ke3 e5
37.Nd3 Nd7 38.Nb2 f5 39.Nbc4 fxe4 40.Kxe4 Ke6 41.Na5 Nf6+ 42.Ke3 Nd5+ 43.Kf2 Bb5
44.h4 h6 45.Ne4 Rf7 46.Nb3 Bc4 47.Nc1 Rf8 48.Ne2 a5 49.bxa5 Ra8 50.Nd6 Bxe2
51.Rxe2 Rxa5 52.Nc4 Rxc5 53.Nxe5 Rc3 54.Nxc6+ Kf6 55.Nb4 Ne7 56.Rxe7 Rxa3
57.Nd5+  1-0

[Event "Dresden op"]
[Site "Dresden"]
[Date "1999.??.??"]
[Round "?"]
[White "Andre, Gorden"]
[Black "Bagaturov, Giorgi"]
[Result "0-1"]
[WhiteElo "2175"]
[BlackElo "2530"]

1.d4 Nf6 2.c4 e6 3.Nf3 b6 4.g3 Ba6 5.b3 Bb4+ 6.Bd2 Be7 7.Bg2 d5 8.O-O O-O
9.Nc3 Bb7 10.Qc2 Na6 11.Rfd1 Qc8 12.cxd5 exd5 13.Nh4 g6 14.Bg5 Qe6 15.e4 Nb4
16.Qc1 dxe4 17.Nb5 Nfd5 18.Nxc7 Nxc7 19.Qxc7 Bxg5 20.Qxb7 Bxh4 21.gxh4 Nd5
22.Rac1 Rad8 23.Re1 Qg4 24.h3 Qxh4 25.Rxe4 Nf4 26.Rc3 Rxd4 27.Rf3 Rxe4 28.Qxe4 Nxg2  0-1

[Event "FIN-chT9899"]
[Site "FIN"]
[Date "1999.??.??"]
[Round "7"]
[White "Tikkanen, Kari"]
[Black "Hentunen, Asko"]
[Result "0-1"]
[WhiteElo "2339"]
[BlackElo "2323"]

1.d4 Nf6 2.c4 e6 3.Nf3 b6 4.g3 Ba6 5.b3 d5 6.Bg2 c6 7.Nbd2 b5 8.c5 b4 9.O-O Be7
10.Bb2 O-O 11.Re1 Nbd7 12.a3 bxa3 13.Rxa3 Bb5 14.Qa1 Qb8 15.b4 Bd8 16.Ne5 Nxe5
17.dxe5 Nd7 18.e4 Bc7 19.exd5 cxd5 20.Bd4 Qb7 21.Qc3 Nb8 22.Nb3 Nc6 23.f4 Bc4
24.Nd2 Nxd4 25.Qxd4 Bb5 26.Nb3 Rae8 27.Qc3 a6 28.Nd4 Rb8 29.f5 Bc4 30.Qxc4 dxc4
31.Bxb7 Rxb7 32.fxe6 Rxb4 33.e7 Re8 34.Nc6 Rb5 35.Rd1 Rxc5 36.Rd8 Bxd8 37.exd8=Q Rxd8
38.Nxd8 c3 39.Ra1 c2 40.Rc1 Rd5 41.Rxc2 Rxd8 42.Ra2 Ra8 43.Ra5 Kf8 44.Kf2 Ke7
45.Ke3 Kd7 46.Kd4 Kc6 47.Kc4 Kb6 48.Rd5 a5 49.e6 fxe6 50.Rd6+ Kc7 51.Rxe6 a4
52.Re2 Kd6 53.Kd4 a3 54.Ra2 Ra4+ 55.Kd3 Kd5 56.Kc3 Ra7 57.Kd3 Ra6 58.Kc3 Ra8
59.Kd3 Ra7 60.Kc3 Kc5 61.Kb3 Kd4 62.Rd2+ Ke3 63.Ra2 Kd3 64.Kb4 g5 65.Kb3 Rb7+
66.Ka4 Kc3 67.Rxa3+ Kc4  0-1

[Event "FIN-chT9899"]
[Site "FIN"]
[Date "1999.??.??"]
[Round "9"]
[White "Manninen, Marko"]
[Black "Gavrikov, Viktor"]
[Result "1-0"]
[WhiteElo "2404"]
[BlackElo "2532"]

1.d4 Nf6 2.c4 e6 3.Nf3 b6 4.g3 Ba6 5.Nbd2 d5 6.Bg2 Be7 7.O-O O-O 8.Ne5 Bb7
9.b3 Na6 10.Bb2 c5 11.cxd5 exd5 12.Ndc4 Re8 13.Ne3 Bf8 14.Qd2 Qc7 15.Rac1 Rad8
16.Bc3 Qc8 17.Qb2 Nc7 18.dxc5 bxc5 19.Ba5 d4 20.Bxb7 Qxb7 21.N3c4 Rd5 22.Bxc7 Qxc7
23.Nd3 Rh5 24.Nf4 Rh6 25.f3 g5 26.Nd3 Nd5 27.Qd2 Qd8 28.Rfd1 Rhe6 29.Re1 Qf6
30.Kg2 h5 31.Nf2 g4 32.f4 Qe7 33.e4 f5 34.e5 Qb7 35.Kg1 h4 36.Qd3 Qh7 37.Nxg4 hxg3
38.hxg3 fxg4 39.f5 Rh6 40.Qe4 Nc3 41.Qxg4+ Kh8 42.Qf3 Nxa2 43.Rc2 Nb4 44.Rd2 Rh3
45.f6 Bh6 46.f7 Rf8 47.e6 Qg6 48.e7 Rxg3+ 49.Rg2 Rxg2+ 50.Qxg2 Qxf7 51.Ne5 Qf5
52.Ng6+ Kh7 53.Nxf8+ Bxf8 54.e8=Q  1-0

[Event "FRA Cup (Women)"]
[Site "FRA"]
[Date "1999.??.??"]
[Round "1"]
[White "Bramme, Emmanuelle"]
[Black "Gervais, Claire"]
[Result "1-0"]
[WhiteElo "2049"]
[BlackElo "2201"]

1.d4 Nf6 2.Nf3 e6 3.c4 b6 4.g3 Ba6 5.Qc2 c6 6.Bg2 Bb4+ 7.Nbd2 O-O 8.a3 Be7
9.O-O d5 10.Re1 Nbd7 11.b4 Rc8 12.c5 bxc5 13.bxc5 e5 14.Nxe5 Nxe5 15.dxe5 Nd7
16.Bh3 Rb8 17.Bxd7 Qxd7 18.Nf3 Bc4 19.Be3 Rb5 20.a4 Rb4 21.Reb1 Rfb8 22.Rxb4 Rxb4
23.Qd2 Qb7 24.Bd4 Rb1+ 25.Rxb1 Qxb1+ 26.Kg2 Qe4 27.Be3 Bxe2 28.Qxe2 g5 29.h3 Bxc5
30.Qd2 Bb4 31.Qd4 Qxd4 32.Nxd4 c5 33.Nc2  1-0

[Event "Gent op 22nd"]
[Site "Gent"]
[Date "1999.??.??"]
[Round "8"]
[White "Safin, Shukhrat"]
[Black "Van der Stricht, Geert"]
[Result "1-0"]
[WhiteElo "2490"]
[BlackElo "2375"]

1.d4 Nf6 2.Nf3 e6 3.c4 b6 4.g3 Ba6 5.Qa4 c5 6.Bg2 Bb7 7.dxc5 bxc5 8.O-O Be7
9.Nc3 O-O 10.Rd1 d6 11.Bf4 Qb6 12.Rd2 h6 13.Rad1 Rd8 14.Qb3 Ne8 15.e4 Nc6
16.e5 Nxe5 17.Qxb6 axb6 18.Bxe5 dxe5 19.Rd7 Bc6 20.Rxe7 Rxd1+ 21.Nxd1 Kf8
22.Rxf7+ Kxf7 23.Nxe5+ Kf6 24.Bxc6 Rxa2 25.Ng4+ Ke7 26.Kf1 Nd6 27.Nge3 Nf5
28.Nxf5+ exf5 29.f4 Kd6 30.Bf3 g6 31.Kf2 h5 32.Ke2 Ke6 33.Kd2 Kd6 34.Bd5 Ke7
35.Kc2 Ra1 36.Bc6 Ke6 37.Be8 Kf6 38.Kd2 Rb1 39.Bc6 Ke6 40.Ba4 Ra1 41.Bc2 Kf7
42.Kc3 Rc1 43.h4 Ke6 44.b3 Ra1 45.Kb2 Ra8 46.Nf2 Kf6 47.Nd3 Rd8 48.Kc3 Ra8
49.Bb1 Ra1 50.Kb2 Ra7 51.Ne5 Kg7 52.Bc2 Kh7 53.Bd1 Kg7 54.Bf3 Kf6 55.Bc6 Re7
56.Kc3 Kg7 57.Ba4 Kh7 58.Kd2 Kg7 59.Nd3 Ra7 60.Nf2 Kf7  1-0

[Event "SWZ-ch"]
[Site "Graechen"]
[Date "1999.??.??"]
[Round "?"]
[White "Mira, Helene"]
[Black "Thuerig, Catherine"]
[Result "1-0"]
[WhiteElo "2177"]
[BlackElo "2060"]

1.d4 Nf6 2.c4 e6 3.Nf3 b6 4.g3 Ba6 5.b3 d5 6.Bg2 Nbd7 7.O-O Bd6 8.cxd5 exd5
9.Nc3 O-O 10.a3 Bb7 11.Nb5 Ne4 12.Nxd6 Nxd6 13.Ne5 f6 14.Nd3 Re8 15.Nf4 c6
16.Re1 Nf8 17.Bb2 Bc8 18.Rc1 Bd7 19.f3 Ne6 20.Nxe6 Rxe6 21.e4 dxe4 22.fxe4 Rc8
23.e5 fxe5 24.d5 Re8 25.dxc6 Be6 26.Rxe5 Qc7 27.Rxe6  1-0